=LDR 00000nam 2200000 4500 =001 INLIS000000000012815 =005 20130612104312 =008 ***********************************Ind** =035 ##$$0010-061300000012815 =041 ##$$a Ind =082 ##$$a 616.025 =090 ##$$a 616.025, Bre t =100 ##$$a Bres. b =245 ##$$a Tindakan darurat kesehatan masyarakat pada kejadian luar biasa, P.Bres, Terjemahan, Hari kuswanto =260 ##$$a 1995 $b Yogyakarta =300 ##$$a 385 hlm., 21 cm =650 ##$$a Darurat kesehatan =700 ##$$a Kuswanto, Hari =850 ##$$a NBPNMAT =990 ##$$a 0001/BPAP-NTB/20142015 =990 ##$$a 79647964 =990 ##$$a 0001/BPAP-NTB/20142015 =990 ##$$a 01201807964